| 000 | 00590nam a2200169 a 4500 | ||
|---|---|---|---|
| 008 | 120416s1996 ||||||||||||||||| || u | ||
| 020 | _a1888902523 | ||
| 050 | _aQA 432 Dev | ||
| 100 | _aDevlin, Keith | ||
| 245 | 1 | 3 | _aAn electronic companion to calculus |
| 260 |
_aNew York _bCogi to Learning Media _c1996 |
||
| 300 | _aix, 192p.:ill. | ||
| 350 | _a0.00 | ||
| 650 | 0 | _aCALCULUS | |
| 650 | 0 | _aMATHEMATICS--HANDBOOKS, MANUALS, ETC | |
| 995 |
_D0.00 _FCBU-MAIN LIBRARY (Kitwe) _H1 _I21.99 _M1 _UAVAILABLE _ZMain Library Open Access Collection |
||
| 999 |
_c41532 _d41532 |
||